00396nam a22001337a 450000500170000000800410001704100250005808200130008310000250009624500420012126000440016330000290020765000260023620240308094626.0240308b |||||||| |||| 00| 0 eng d aAfirkaans / English  a349 TYD  lAfrikaans / English  aTydskrif vir die Suid-Afrikaanse Reg  aKaapstad : bJuta en Kie Beperk, c1985 b120 blaadsye ; c25 cm.  aLegal practice bLaw